• 首页
  • 本馆介绍
  • 公告通知
  • 最新文献
  • 馆藏检索
  • 电子资源
  • 读者导购
  • 参考咨询
  • 我的图书馆
  • 登录
  • 详细信息显示
  • 放入我的书架
  • 预约/预借图书
  • 作者相关作品
  • 分类相关作品
  • 丛书相关作品
  • 出版社相关作品

书目信息

  • 表格格式
  • 工作单格式
  • 卡片格式
题名:
记忆潜能训练
    
 
作者: 罗兰德·R·盖泽哈特 著 ;王亚平 译
分册:  
出版信息: 北京   民主与建设出版社  2004.01
页数: 208页
开本: 23cm
丛书名:
单 册:
中图分类: B842.3
科图分类:
主题词: 记忆术
电子资源:
ISBN: 7-80112-601-7
000 00845nam0 2200241 45
001 012004010671
005 20040702134900.0
010    @a7-80112-601-7@dCNY28.00
100    @a20041018d2004 em y0chiy50 ea
101 1  @achi@cger
102    @aCN@b110000
105    @af z 000yy
200 1  @a记忆潜能训练@Aji yi qian neng xun lian@e视觉记忆法@f(德)罗兰德·R·盖泽哈特(Roland R. Geisselhart)著@F(de)luo lan de·R·gai ze ha te(Roland R.Geisselhart)zhu@g王亚平译@Gwang ya ping yi
210    @a北京@c民主与建设出版社@d2004.01
215    @a208页@c插图@d23cm
517 1  @a视觉记忆法
606 0  @a记忆术
690    @aB842.3@v4
701  0 @a罗兰德·R·盖泽哈特@Aluo lan de·R·gai ze ha te@bRolandR.Geisselhart@4著
702  0 @a王亚平@Awang ya ping@4译
801  0 @aCN@bBZT@c20041018
905    @aBZT@dB842.3@e1@f6
906    @dCNY28.00@n0@r1
    
    记忆潜能训练:视觉记忆法/(德)罗兰德·R·盖泽哈特(Roland R. Geisselhart)著/王亚平译.-北京:民主与建设出版社,2004.01
    208页:插图;23cm
    
    
    ISBN 7-80112-601-7:CNY28.00
    
●
相关链接 在五车中查询图书 在当当中查询图书 在豆瓣中查询图书


正题名:记忆潜能训练     索取号:B842.3/1         预约/预借

序号 登录号 条形码 馆藏地/架位号 状态 备注
1 369847   200451297   中心书库南/004架B面1层5列/ [索取号:B842.3/1] 在馆    
2 369848   230082413   中心书库南/004架B面1层5列/ [索取号:B842.3/1] 在馆    
山东省滨州职业学院图书馆 欢迎您!
大连网信软件有限公司© 版权所有